000 00559nam a2200205Ia 4500
005 20250326144148.0
008 250326s9999 xx 000 0 und d
020 _a978-0-86597-673-3
037 _aTextbook
040 _aFMSL
_beng
_cFMSL
041 _aeng
_2eng
084 _aX:533 N9
_qFMSL
100 _aMises L V
_9122727
245 0 _aEconomic freedom and interventionism
_cMises L V
260 _aNY
_bNY, Liberty Fund
_c1990
300 _a289p
365 _b750.45749999999998
942 _cTB
_hX:533 N9
999 _c1302616
_d1302616